Statistics for House of Romanov

Click here to take the quiz!

General Stats

  • This quiz has been taken 226 times
  • The average score is 14 of 19

Answer Stats

Ruled inTitleAnswer% Correct
1894– 1917Emperor of RussiaNicholas II
97%
1762-1796Empress of RussiaCatherine II the Great
90%
1725-1727Empress of RussiaCatherine I
89%
1825-1855Emperor of RussiaNicholas
89%
1801-1825Emperor of RussiaAlexander I
84%
1855-1881Emperor of RussiaAlexander II
84%
1727-1730Emperor of RussiaPeter II
84%
1762Emperor of RussiaPeter III
84%
1682-1721Tsar of RussiaPeter I the Great
84%
1721-1725Emperor of RussiaPeter I the Great
84%
1881-1894Emperor of RussiaAlexander III
83%
1682-1696Tsar of RussiaIvan V
80%
1740-1741Emperor of RussiaIvan VI
80%
1613-1645Tsar of All RussiaMikhail I
56%
1796-1801Emperor of RussiaPaul I
53%
1741-1762Empress of RussiaElizabeth
50%
1645-1676Tsar of RussiaAlexis
47%
1730-1740Empress of RussiaAnna
41%
1676-1682Tsar of RussiaFeodor III
34%

Score Distribution

Percentile by Number Answered

Percent of People with Each Score

Your Score History

You have not taken this quiz